00457nam a2200133Ia 4500082001900000245011500019260003700134300001000171650002000181650003600201650004000237650002900277700001700306 aRR 342.54 IND- 0aIndex to Indian political practice:a collection of the decisions of the government of India in political cases aNew DelhibB.R. Publishingc1895 a129p. aIndia - History aIndia - Politics and government aPolitical science - Indexes - India aIndia - Kings and rulers aTupper, C.L.